00799nam a22002297a 4500999001900000005001700019010001500036020001200051035001400063037001300077082001500090245006400105250000900169260004200178270010900220300002600329500001900355700002700374700001900401942002400420952012500444 c180774d18077420210817145709.0 aENG-129878 c1280.00 aEN-113410 bDBAD/PUB a382.091824 aIndo-Pacific:cedited by Nutan Kapoor Mahawar,Vijay Sakhuja a2021 aNew DelhibKnowledge Publisher c2020 bNew Delhia4233/1, First Floor, Ansari Rd, nea, Daryaganj,e 110002k91-1123263498mproduction@kwpub.com avii;161p.c22cm (hbk) aincludes index a Kapoor Mahawar, Nutan aSakhuja,Vijay  2ddccENkINDh158.1 001040708NFICaBL4bBL4d2021-08-17eDBAD/PUBg1280.00l0o382.091824pEN-113410r2021-08-17 00:00:00t1v1280.00yEN